000 01223cam a2200325 4500
001 WS116143
008 020104n 000 0 eng u
035 _a(Sirsi) u116143
110 _aMasons
_9546
245 _aMasons
520 _aWeb site for this international law firm, with specialisms in construction, engineering infrastructure and energy. Includes links to their newsletters 'Scottish Dispute Resolution Digest' and 'Project Finance News' and to their adjudication service.
650 _aDISPUTE RESOLUTION
_96236
650 _aSCOTLAND
650 _aPROJECTS
650 _aFINANCE
650 _aMANAGEMENT-DISPUTE AVOIDANCE, MANAGEMENT AND RESOLUTION-DISPUTE MANAGEMENT AND RESOLUTION-ALTERNATIVE DISPUTE RESOLUTION-ADJUDICATION
650 _aHOUSING GRANTS CONSTRUCTION AND REGENERATION ACT
650 _aCORPORATE TAX
650 _aDATA PROTECTION
650 _aEMPLOYMENT
650 _aEnvironment
_96238
650 _aHEALTH AND SAFETY
_96244
650 _aPENSIONS
650 _aPLANNING
650 _aENERGY
_96237
650 _aFACILITIES MANAGEMENT
_96240
690 _aLAW
856 4 0 _uhttps://www.masons.com
_zView the website free of charge at www.masons.com...
942 _n0
999 _c119963
_d119963